La Santa Biblia Vulgata Latina

Guardat en:
Dades bibliogràfiques
Autor principal: Torres Amat, Félix (Autor)
Format: Llibre
Idioma:espanyol
Publicat: Barcelona Librería Religiosa y Científica Pablo Riera y Sans 1883
Edició:1a. ed
Matèries:
Etiquetes: Afegir etiqueta
Sense etiquetes, Sigues el primer a etiquetar aquest registre!

MARC

LEADER 00000cam a2200000 a 4500
001 UCD2641
003 CL-VaPUC
008 160505e18830000sp |||||||||||||||||spa|d
082 0 4 |a 220  |b TOR  |2 21 
100 0 |a Torres Amat, Félix  |e author  |9 585992 
245 1 3 |a La Santa Biblia Vulgata Latina 
250 |a 1a. ed 
300 |a t 
942 |c BK 
945 |d 20160505 16:04:00  |a dcastane 
260 |a Barcelona  |b Librería Religiosa y Científica Pablo Riera y Sans  |c 1883 
500 |a t.1-10. Antiguo Testamento 
650 0 |a Biblia  |9 257603 
650 0 |a Antiguo testamento   |9 313678 
583 |a last modification  |c 20160505 16:04:00  |k Rodrigo Vera 
999 |c 363763  |d 363761 
952 |0 0  |1 0  |3 erd  |4 0  |6 220_000000000000000_TOR_1883  |7 0  |8 X  |9 476451  |a BIBTEO  |b BIBTEO  |c TEO_FFR  |h v.1-2  |i 522974K  |o 220 TOR 1883  |p 522974K  |r 2024-01-18  |w 2019-11-24  |y BK_X  |z Catalogado en:20160505  |k OFM 
952 |0 0  |1 0  |3 erd  |4 0  |6 220_000000000000000_TOR_1883  |7 0  |8 X  |9 476452  |a BIBTEO  |b BIBTEO  |c TEO_FFR  |h v.3-4  |i 5229758  |o 220 TOR 1883  |p 5229758  |r 2024-01-18  |w 2019-11-24  |y BK_X  |z Catalogado en:20160505  |k OFM 
952 |0 0  |1 0  |3 erd  |4 0  |6 220_000000000000000_TOR_1883  |7 0  |8 X  |9 476453  |a BIBTEO  |b BIBTEO  |c TEO_FFR  |h v.5-6  |i 5229766  |o 220 TOR 1883  |p 5229766  |r 2024-01-18  |w 2019-11-24  |y BK_X  |z Catalogado en:20160505  |k OFM 
952 |0 0  |1 0  |3 erd  |4 0  |6 220_000000000000000_TOR_1883  |7 0  |8 X  |9 476454  |a BIBTEO  |b BIBTEO  |c TEO_FFR  |h v.7-8  |i 5229774  |o 220 TOR 1883  |p 5229774  |r 2024-01-18  |w 2019-11-24  |y BK_X  |z Catalogado en:20160505  |k OFM 
952 |0 0  |1 0  |3 erd  |4 0  |6 220_000000000000000_TOR_1883  |7 0  |8 X  |9 476455  |a BIBTEO  |b BIBTEO  |c TEO_FFR  |h v.9-10  |i 5229782  |o 220 TOR 1883  |p 5229782  |r 2024-01-18  |w 2019-11-24  |y BK_X  |z Catalogado en:20160505  |k OFM